000 00548nam a22001817a 4500
003 CEME
005 20210628203938.0
008 210316b xxu||||| |||| 00| 0 eng d
020 _a0-8412-2662-8
040 _c.
082 _a620.19204228 IRR'R
100 _aFrank, C. W, Donnell, J. H. Q, Reichmanis, Elsa
_967957
245 _aIrrodiation of polymaric materials, processes mechanisms and applications
260 _aWASHINGTON
_bASC
_c1993
300 _a338P
650 _aPOLYMAERS, EFFECT OF RADIATION CONGRESSES
_967958
942 _cBK
_2ddc
999 _c575636
_d575636